01428nam a2200385 i 450000100060000000300080000600500170001400600190003100700150005000800410006502000270010603500230013303500240015603500250018003500220020504000310022705000210025808000100027908200150028910000270030424501460033126400490047730000410052633600310056733700330059833800430063150000230067450400290069758801260072665000420085265000180089465500270091270000410093985600620098042749FlNmELB20241216222054.0m o d | cr cnu||||||||141005s2012 cu ob 001 0 spa d a9789591620842 (e book) a(MiAaPQ)EBC3207035 a(Au-PeEL)EBL3207035 a(CaPaEBR)ebr10646282 a(OCoLC)1010612803 aFINmELBbspaerdacFINmELB 4aRA638bC137 2012 a614.40 a614.472231 aCaisé Lara, Enrique.10aManual de vacunación :bpara médicos, enfermeras y técnicos de la salud /cEnrique Caisé Lara ; edición Raul G. Torricella Morales. 1aLa Habana :bEditorial Universitaria,c2012. a1 recurso en línea (184 páginas) atextobtxt2rdacontent/spa acomputadorabc2rdamedia/spa arecurso en líneabcr2rdacarrier/spa aContiene índice. aContiene bibliografía. aDescripción basada en recurso en línea; Título de la página del título en PDF (e-libro, visto october 5, 2014). 0aVaccinationvHandbooks, manuals, etc. 4aVacunación. 4aLibros electrónicos.1 aTorricella Morales, Raul G,eeditor.40uhttps://elibro.net/ereader/politecnicointernacional/71543